00405nam a2200157 a 450000100060000000300090000600800410001502000150005604000280007108200150009910000160011424500230013026000510015330000110020465000320021518650CO-ViMGA141112s2004 ck r 000 u spa d a9681625706 aCO-ViMGAbspacCO-ViMGA04a809.3 B1511 aBalza, Jose10aEste mar narrativo aMexico, cFondo de cultura económica, c1993 a190.p.14aNOVELA - HISTORIA Y CRITICA